1839 1086 1531 1893 1729 1939 1559 1420 1535 1161 1186 1742 1266 1433 1523 1514 1826 1571 1352 1075 1710 1060 1793 1964 1467 1462 1421 1815 1838 1123 1434 1722 1237 1617 1756 1670 1706 1733 1211 1825 1821 1333 1490 1930 1395 1688 1690 1088 1701 1518 1398 1921 1919 1601 1350 1809 1713 1413 1289 1530 1396 1514 1626 1013 1308 1784 1719 1809 1358 1769 1836 1881 1720 1751 1637 1693 1497 1118 1809 1451 1664 1823 1939 1021 1041 1005 1367 1424 1179 1094 1455 1849 1995 1075 1099 1922 1761 1146 1375 BCNSPRNW ULIB Ver.6.0+V

เปลี่ยนเป็นภาษาไทย

Change to English
 แสดงรายละเอียดบรรณานุกรม
  กลับหน้าหลัก

Brief Record : Get Marc (ISO 2709) : E-mail record : QR code < ปิดหน้าต่าง
LEADER : 00000nam 2200000uu 4500
001    13399129217
003     ULIB
008    260511s2568||||th 000 0 tha d
020    ^a9786166260977
050 0  ^aRC440^bพ247ก
100 0  ^aพรพรรณ สุดใจ
245 1  ^aการประยุกต์ดิจิทัลเทคโนโลยีบนสมาร์ทโฟน : เพื่อการพยาบาลสุขภาพจิตและจิตเวช = ^bApplication of smartphone-based digital technologies in mental health and psychiatric nursing /^cพรพรรณ สุดใจ
246 3  ^aApplication of smartphone-based digital technologies in mental health and psychiatric nursing
250    ^aพิมพ์ครั้งที่ 1.
260    ^aชลบุรี :^bภาควิชาการพยาบาลสุขภาพจิตและจิตเวช คณะพยาบาลศาสตร์ มหาวิทยาลัยบูรพา,^c2568
300    ^a268 หน้า :^bภาพประกอบ, ตาราง
505 0  ^aบทที่ 1 การประยุกต์ใช้เทคโนโลยีทางสุขภาพสำหรับงานบริการด้านสุขภาพจิตและจิตเวช ทางออกของการตอบโจทย์สุขภาพในยุคดิจิทัล -- บทที่ 2 การพัฒนาโปรแกรมประยุกต์ทางสุขภาพบนสมาร์ทโฟนสำหรับการพยาบาลสุขภาพจิตและจิตเวช -- บทที่ 3 การวิจัยทางการพยาบาลสุขภาพจิตและจิตเวชโดยใช้โปรแกรมประยุกต์ทางสุขภาพบนสมาร์ทโฟน -- บทที่ 4 การ ขึ้นทะเบียนทรัพย์สินทางปัญญาาสำหรับโปรแกรมประยุกต์ทางสุขภาพบนสมาร์ทโฟน -- บทที่ 5 การพัฒนาโปรแกรมประยุกต์ทางสุขภาพบนสมาร์ทโฟนสำหรับการพยาบาลสุขภาพจิตและจิตเวชจากแนวคิดสู่การปฏิบัติ
505 2  ^aการประยุกต์ใช้เทคโนโลยีทางสุขภาพสำหรับงานบริการด้านสุขภาพจิตและจิตเวช ทางออกของการตอบโจทย์สุขภาพในยุคดิจิทัล -- การพัฒนาโปรแกรมประยุกต์ทางสุขภาพบนสมาร์ทโฟนสำหรับการพยาบาลสุขภาพจิตและจิตเวช -- การวิจัยทางการพยาบาลสุขภาพจิตและจิตเวชโดยใช้โปรแกรมประยุกต์ทางสุขภาพบนสมาร์ทโฟน -- การขึ้นทะเบียนทรัพย์สินทางปัญญาสำหรับโปรแกรมประยุกต์ทางสุขภาพบนสมาร์ทโฟน -- การพัฒนาโปรแกรมประยุกต์ทางสุขภาพบนสมาร์ทโฟนสำหรับการพยาบาลสุขภาพจิตและจิตเวชจากแนวคิดสู่การปฏิบัติ.
505 2  ^aบทที่ 1 การประยุกต์ใช้เทคโนโลยีทางสุขภาพสำหรับงานบริการด้านสุขภาพจิตและจิตเวช ทางออกของการตอบโจทย์สุขภาพในยุคดิจิทัล -- บทที่ 2 การพัฒนาโปรแกรมประยุกต์ทางสุขภาพบนสมาร์ทโฟนสำหรับการพยาบาลสุขภาพจิตและจิตเวช -- บทที่ 3 การวิจัยทางการพยาบาลสุขภาพจิตและจิตเวชโดยใช้โปรแกรมประยุกต์ทางสุขภาพบนสมาร์ทโฟน -- บทที่ 4 การขึ้นทะเบียนทรัพย์สินทางปัญญาสำหรับโปรแกรมประยุกต์ทางสุขภาพบนสมาร์ทโฟน -- บทที่ 5 การพัฒนาโปรแกรมประยุกต์ทางสุขภาพบนสมาร์ทโฟนสำหรับการพยาบาลสุขภาพจิตและจิตเวชจากแนวคิดสู่การปฏิบัติ
505 2  ^a^tการประยุกต์ใช้เทคโนโลยีทางสุขภาพสำหรับงานบริการด้านสุขภาพจิตและจิตเวช ทางออกของการตอบโจทย์สุขภาพในยุคดิจิทัล -- การพัฒนาโปรแกรมประยุกต์ทางสุขภาพบนสมาร์ทโฟนสำหรับการพยาบาลสุขภาพจิตและจิตเวช -- การวิจัยทางการพยาบาลสุขภาพจิตและจิตเวชโดยใช้โปรแกรมประยุกต์ทางสุขภาพบนสมาร์ทโฟน -- การขึ้นทะเบียนทรัพย์สินทางปัญญาสำหรับโปรแกรมประยุกต์ทางสุขภาพบนสมาร์ทโฟน -- การพัฒนาโปรแกรมประยุกต์ทางสุขภาพบนสมาร์ทโฟนสำหรับการพยาบาลสุขภาพจิตและจิตเวชจากแนวคิดสู่การปฏิบัติ.
650  4 ^aการพยาบาลจิตเวชศาสตร์.
650  4 ^aเขตพัฒนาพิเศษภาคตะวันออก (อีอีซี).
650  4 ^aจิตเวชศาสตร์^xการพยาบาล
650  4 ^aโทรศัพท์เคลื่อนที่^xโปรแกรมประยุกต์บนอุปกรณ์เคลื่อนที่
650  4 ^aบริการสุขภาพจิต^xนวัตกรรมทางเทคโนโลยี
650  4 ^aสุขภาพจิต^xนวัตกรรมทางเทคโนโลยี
650  4 ^aอุตสาหกรรมการแพทย์ครบวงจร.
650  7 ^aจิตเวชศาสตร์
650  7 ^aเทคโนโลยีทางการแพทย์
650  7 ^aโปรแกรมประยุกต์บนอุปกรณ์เคลื่อนที
650  7 ^aสุขภาพจิต
650 0  ^aสุขภาพจิต^xการพยาบาล
655  4 ^aHealth Sciences Branch.
695    ^aHealth Sciences.
999    ^aประนอม เกษจรัล
รายการนี้ยังไม่มีแท็ก
คุณยังไม่ได้ล็อกอิน คุณสามารถมีกิจกรรมร่วมกับเว็บไซต์ได้ แต่ต้องล็อกอินก่อน ::
  ล็อกอิน

รายการสื่อสารสนเทศ

ลำดับที่ ประเภท เลขเรียก/บาร์โค้ด สถานที่ สถานะ
1. การศึกษาทั่วไป
หนังสือสำรอง
สถานะ=หนังสือสำรอง
RC440 พ247ก ฉ.1 
  Barcode: 012203
ห้องสมุดวิทยาเขตสวรรค์ประชารักษ์
►หนังสือทั่วไป
บนชั้น
*เพิ่งรับคืน
2. การศึกษาทั่วไป
การศึกษาทั่วไป
RC440 พ247ก ฉ.2 
  Barcode: 012204
ห้องสมุดวิทยาเขตสวรรค์ประชารักษ์
►หนังสือทั่วไป
บนชั้น
*เพิ่งรับคืน
3. การศึกษาทั่วไป
การศึกษาทั่วไป
RC440 พ247ก ฉ.3 
  Barcode: 012205
ห้องสมุดวิทยาเขตสวรรค์ประชารักษ์
►หนังสือทั่วไป
บนชั้น
*เพิ่งรับคืน
4. การศึกษาทั่วไป
การศึกษาทั่วไป
RC440 พ247ก ฉ.4 
  Barcode: 012206
ห้องสมุดวิทยาเขตสวรรค์ประชารักษ์
►หนังสือทั่วไป
บนชั้น
*เพิ่งรับคืน
5. การศึกษาทั่วไป
การศึกษาทั่วไป
RC440 พ247ก ฉ.5 
  Barcode: 012207
ห้องสมุดวิทยาเขตสวรรค์ประชารักษ์
►หนังสือทั่วไป
บนชั้น
*เพิ่งรับคืน

รายการใกล้เคียง
    หัวเรื่อง [การพยาบาลจิตเวชศาสตร์.]
    หัวเรื่อง [เขตพัฒนาพิเศษภาคตะวันออก (อีอีซี).]
    หัวเรื่อง [อุตสาหกรรมการแพทย์ครบวงจร.]
    หัวเรื่อง [จิตเวชศาสตร์]
    หัวเรื่อง [เทคโนโลยีทางการแพทย์]
    หัวเรื่อง [สุขภาพจิต]

BibComment


ยังไม่เคยถูกคอมเมนท์

คอมเมนท์ทรัพยากรรายการนี้
  คอมเมนท์: การประยุกต์ดิจิท..


 Copyright 2026. Bcnsprnw @Library